Nad jaką rzeką leży... (Polska) - Statystyki

Ogólne statystyki
  • Ten quiz został rozwiązany 186 razy
  • Średni wynik to 10 z 20
Statystyki odpowiedzi
Miasto: Rzeka: % Poprawnych
Chełmno Wisła
95%
Racibórz Odra
93%
Sieradz Warta
85%
Wyszków Bug
78%
Stalowa Wola San
65%
Pułtusk Narew
61%
Stary Sącz Dunajec
52%
Inowrocław Noteć
49%
Tomaszów Mazowiecki Pilica
48%
Szczebrzeszyn Wieprz
47%
Jelenia Góra Bóbr
40%
Tuchola Brda
38%
Mielec Wisłoka
35%
Zgierz Bzura
32%
Lidzbark Warmiński Łyna
30%
Kalisz Prosna
30%
Ostróda Drwęca
28%
Pińczów Nida
25%
Gorlice Ropa
15%
Chorzów Rawa
13%
Nie znaleziono quizów pasujących do podanych kryteriów
Rozkład punktacji
Procent ludzi z każdym wynikiem
Percentyl według liczby udzielonych odpowiedzi
Twoja historia wyników
Nie rozwiązałeś tego quizu